000 00308nam a22001337a 4500
008 170615b xxu||||| |||| 00| 0 eng d
020 _a9780801303982
041 _aeng
080 _24 ED
_a32
100 _a19
101 _aSHP
245 _aCHILD WELFAR POLICIE PRACTICE
_cCOSTIN.L
942 _2udc
_cBK
999 _c17619
_d17619